000 00365cam a22000977a 4500
008 180718b2010 xxu||||| |||| 00| 0 eng d
100 _aAmarasinghe, Ranjith...[at.al.]
245 _aAn evalution of the working of provincial councils in Sri Lanka
_cby Ranjith Amarasinghe...[at.al.]
260 _aRajagiriya
_bInstitute for constitutional studies
_c2010
300 _a215p.
999 _c504064
_d504064